000 00856nas a2200277 4500
001 BR2013007188
003 BR-BrBNA
005 20231205122935.0
007 ta
008 230509b bl.|||p| |||| 00| 00por d
040 _aBR-BrBNA
_bpor
_cBiblioteca Nacional de Agricultura
041 _a(En)
072 _aQ52; Q54
100 1 _aFraiha, M.
100 1 _aBiagi, J.D.
100 1 _aFerraz, A.C. de O.
245 1 _aRheological behavior of corn and soy mix as feed ingredients
650 _aMILHO
650 _aSOJA
650 _aALIMENTO PARA ANIMAL
650 _aPROPRIEDADE REOLÓGICA
773 0 _tCiência e Tecnologia de Alimentos (Brazil)
_xISSN 1678-457X
_g(Jan-Mar 2011), v. 31(1) p. 129-134
_wBR2013007188
856 4 0 _uhttp://www.scielo.br/pdf/cta/v31n1/18.pdf
909 _a202311
_bLúcia
_c55
_dLúcia Elande
942 _2AGRIS
_n0
_cANA
999 _c231368
_d231368